<?xml version="1.0" encoding="UTF-8"?><?xml-stylesheet type="text/xsl" href="static/style.xsl"?><OAI-PMH xmlns="http://www.openarchives.org/OAI/2.0/" xmlns:xsi="http://www.w3.org/2001/XMLSchema-instance" xsi:schemaLocation="http://www.openarchives.org/OAI/2.0/ http://www.openarchives.org/OAI/2.0/OAI-PMH.xsd"><responseDate>2026-06-05T17:45:56Z</responseDate><request verb="GetRecord" identifier="oai:riuma.uma.es:10630/37812" metadataPrefix="marc">https://riuma.uma.es/rest/oai/request</request><GetRecord><record><header><identifier>oai:riuma.uma.es:10630/37812</identifier><datestamp>2026-02-03T11:21:27Z</datestamp><setSpec>com_10630_2254</setSpec><setSpec>col_10630_37953</setSpec></header><metadata><record xmlns="http://www.loc.gov/MARC21/slim" xmlns:dcterms="http://purl.org/dc/terms/" xmlns:doc="http://www.lyncode.com/xoai" xmlns:xsi="http://www.w3.org/2001/XMLSchema-instance" xsi:schemaLocation="http://www.loc.gov/MARC21/slim http://www.loc.gov/standards/marcxml/schema/MARC21slim.xsd">
   <leader>00925njm 22002777a 4500</leader>
   <datafield ind2=" " ind1=" " tag="042">
      <subfield code="a">dc</subfield>
   </datafield>
   <datafield ind2=" " ind1=" " tag="720">
      <subfield code="a">González-Sánchez, Manuel</subfield>
      <subfield code="e">author</subfield>
   </datafield>
   <datafield ind2=" " ind1=" " tag="720">
      <subfield code="a">Velasco-Ramos, Esther</subfield>
      <subfield code="e">author</subfield>
   </datafield>
   <datafield ind2=" " ind1=" " tag="720">
      <subfield code="a">Ruiz-Muñoz, María</subfield>
      <subfield code="e">author</subfield>
   </datafield>
   <datafield ind2=" " ind1=" " tag="720">
      <subfield code="a">Cuesta-Vargas, Antonio</subfield>
      <subfield code="e">author</subfield>
   </datafield>
   <datafield ind2=" " ind1=" " tag="260">
      <subfield code="c">2016-12-16</subfield>
   </datafield>
   <datafield ind2=" " ind1=" " tag="520">
      <subfield code="a">Background: The aim of the present study is to establish the relationship between foot-ankle patient-reported outcome measures (PROM) and three measures of foot-ankle alignment (MoFAA) in patients with metatarsal head pain.&#xd;
Methods: A cross-sectional study where 206 patients completed three PROMs and a clinician recorded three MoFAA bilaterally (three times each). A reliability analysis of the MoFAA, a correlation analysis (between MoFAA and PROM) and regression analysis (dependent variable: PROM; independent variables: MoFAA) were performed.&#xd;
Results: Pearson's coefficient changed in each PROM used, ranging from 0.243 (AAOS-FAMShoeComfortScale-FVARight) to 0.807 (FFIIndex-first MTPJEright). Regression indices (R2-corrected) ranged between 0.117 (AAOS-FAMShoeComfortScale) and 0.701 (FFIIndex).&#xd;
Conclusions: The MoFAA correlated between moderately to strongly with the foot-ankle PROM selected. The level of correlation between MoFAA and PROM was higher when patients with metatarsal head pain were asked about foot health status, pain and function; however, the correlation was poor when the patient was asked about shoe aspects. In addition, the MoFAA variable that achieved the highest correlation value was the first metatarsophalangeal joint extension. The results obtained in this study could be used in future studies to develop tools for assessing and monitoring patients with metatarsal head pain.</subfield>
   </datafield>
   <datafield ind1="8" ind2=" " tag="024">
      <subfield code="a">González-Sánchez M, Velasco-Ramos E, Muñoz MR, Cuesta-Vargas AI. Relationship between patient-reported outcome measures (PROM) and three measures of foot-ankle alignment in patients with metatarsal head pain: a cross-sectional study. J Foot Ankle Res. 2016 Dec 16;9:49. doi: 10.1186/s13047-016-0182-1. PMID: 28018488; PMCID: PMC5162083.</subfield>
   </datafield>
   <datafield ind1="8" ind2=" " tag="024">
      <subfield code="a">https://hdl.handle.net/10630/37812</subfield>
   </datafield>
   <datafield ind1="8" ind2=" " tag="024">
      <subfield code="a">10.1186/s13047-016-0182-1</subfield>
   </datafield>
   <datafield tag="653" ind2=" " ind1=" ">
      <subfield code="a">Pies - Dolor</subfield>
   </datafield>
   <datafield tag="653" ind2=" " ind1=" ">
      <subfield code="a">Calidad de vida</subfield>
   </datafield>
   <datafield tag="653" ind2=" " ind1=" ">
      <subfield code="a">Pacientes</subfield>
   </datafield>
   <datafield ind2="0" ind1="0" tag="245">
      <subfield code="a">Relationship between patient-reported outcome measures (PROM) and three measures of foot-ankle alignment in patients with metatarsal head pain: a cross-sectional study.</subfield>
   </datafield>
</record>
</metadata></record></GetRecord></OAI-PMH>